LEADER 00815nam0-22002531i-450- 001 990002201110403321 005 20060725131815.0 035 $a000220111 035 $aFED01000220111 035 $a(Aleph)000220111FED01 035 $a000220111 100 $a20030910d1961----km-y0itay50------ba 101 0 $aita 200 1 $aCosmetici extra-cutanei$ecosmetologia estetica ed igienica$echimica, chimica fisica e tecnica di preparazione dei prodotti per la cosmesi di capelli, barba ...$fIgino Bonadeo 210 $aMilano$cU. Hoepli$d1961. 215 $aXXIV, 615 p.$d25 cm 700 1$aBonadeo,$bIgino$089804 801 0$aIT$bUNINA$gRICA$2UNIMARC 901 $aBK 912 $a990002201110403321 952 $a80 XXIII 24$b1867$fFFABC 959 $aFFABC 996 $aCosmetici extra-cutanei$9395502 997 $aUNINA LEADER 03606 am 22006253u 450 001 9910563178203321 005 20230607231704.0 035 $a(CKB)2670000000557765 035 $a(WaSeSS)IndRDA00058488 035 $a(oapen)https://directory.doabooks.org/handle/20.500.12854/27810 035 $a(EXLCZ)992670000000557765 100 $a20160628h20012001 fy| | 101 0 $ager 135 $aurm|#---||||| 181 $ctxt$2rdacontent 182 $cc$2rdamedia 183 $acr$2rdacarrier 200 14$aDie Sprache /$fLeonard Bloomfield ; u?bersetzt, kommentiert und herausgegeben von Peter Ernst und Hans Christian Luschu?tzky ; unter mitwirkung von Thomas Herok ; mit einem geleitwort von Andre? Martinet 205 $aDeutsche erstausgabe. 210 $cEdition Praesens$d2001 210 1$aVienna, Austria :$cEdition Praesens,$d2001. 210 4$d©2001 215 $a1 online resource (747 pages) $cillustrations; digital, PDF file(s) 311 08$aPrint version: 9783706910019 320 $aIncludes bibliographical references and index. 330 $aLeonard Bloomfield's "Language" (1933) is one of the most important books on linguistics and it is also one of the most frequently quoted. It is very unusual that a scientific book that has been on the market for 67 years has not become outdated. Unbelievably enough, it has never been translated into German, although Bloomfield spoke German like his mother-tongue. His family came from Austria an he specialized in Germanic linguistics. This edition of ,Language" aims to fill this gap and furthermore tries to reflect Bloomfield's ideas in the light of modem linguistics. Therefore it is not a mere translation but a commentated reader , of Bloomfield's ,,Language" and a scientific publication in its own right. 330 $aLeonard Bloomfields Buch "Language" (1933) zählt zu den Klassikern der Sprachwissenschaft, es ist eines der meistzitierten Bücher auf diesem Gebiet. Es kommt nicht oft vor, dass ein geisteswissenschaftliches Werk im siebenten Jahrzehnt nach seinem Erscheinen kaum veraltet ist. Eigenartigerweise existierte bislang keine deutsche Übersetzung, und das, obwohl Bloomfield, der altösterreichischer Herkunft war und Deutsch wie seine Muttersprache beherrschte, als ausgebildeter Germanist das Deutsche in seinem Werk besonders ausführlich behandelt. Diese Lücke soll diese deutsche Erstausgabe schließen, wobei im Kommentar ausführlich auf die vergangenen 66 Jahre Forschungsgeschichte eingegangen wird. Dadurch geht diese Ausgabe aber auch über eine reine Übersetzung hinaus erhält den Charakter einer eigenständigen wissenschaftlichen. Publikation. 606 $aLanguage and languages 606 $aGrammar, Comparative and general 610 $aLinguistics 610 $astructuralism 610 $ahistory of science 610 $aLeonard Bloomfield 610 $abehaviourism 610 $aLinguistik 610 $aStrukturalismus 610 $aWissenschaftsgeschichte 610 $aBehaviourismus 610 $aAldor 610 $aKardinalität (Datenbankmodellierung) 610 $aLazaristen 615 0$aLanguage and languages. 615 0$aGrammar, Comparative and general. 676 $a410 700 $aBloomfield$b Leonard$f1887-1949,$0172782 702 $aErnst$b Peter 702 $aLuschu?tzky$b Hans Christian 702 $aHerok$b Thomas 702 $aMartinet$b Andre? 801 0$bWaSeSS 801 2$bUkMaJRU 906 $aBOOK 912 $a9910563178203321 996 $aDie sprache$92837080 997 $aUNINA LEADER 01938nam0 22004333i 450 001 VAN00263428 005 20240806101512.152 017 70$2N$a9783540394136 100 $a20230919d1985 |0itac50 ba 101 $aeng 102 $aDE 105 $a|||| ||||| 200 1 $aAlgebraic and Geometric Topology$eProceedings of a Conference held at Rutgers University, New Brunswick, USA, July 6-13, 1983$fedited by Andrew Ranicki, Norman Levitt and Frank Quinn 210 $aBerlin$cSpringer$d1985 215 $avi, 426 p.$d24 cm 461 1$1001VAN00102250$12001 $aLecture notes in mathematics$1210 $aBerlin [etc.]$cSpringer$v1126 606 $a00B25$xProceedings of conferences of miscellaneous specific interest [MSC 2020]$3VANC020732$2MF 606 $a55-XX$xAlgebraic topology [MSC 2020]$3VANC019672$2MF 606 $a57-XX$xManifolds and cell complexes [MSC 2020]$3VANC019671$2MF 610 $aAlgebraic$9KW:K 610 $aHomotopy$9KW:K 610 $aK-theory$9KW:K 610 $aManifolds$9KW:K 610 $aTopology$9KW:K 620 $dBerlin$3VANL000066 702 1$aLevitt$bNorman$3VANV217793 702 1$aQuinn$bFrank$3VANV214506 702 1$aRanicki$bAndrew A.$3VANV020806 712 $aSpringer $3VANV108073$4650 790 1$aRanicki, Andrew$zRanicki, Andrew A.$3VANV252223 790 1$aRanicki, A. A.$zRanicki, Andrew A.$3VANV252224 801 $aIT$bSOL$c20250711$gRICA 856 4 $uhttps://doi.org/10.1007/BFb0074435$zE-book ? Accesso al full-text attraverso riconoscimento IP di Ateneo, proxy e/o Shibboleth 899 $aBIBLIOTECA DEL DIPARTIMENTO DI MATEMATICA E FISICA$1IT-CE0120$2VAN08 912 $fN 912 $aVAN00263428 950 $aBIBLIOTECA DEL DIPARTIMENTO DI MATEMATICA E FISICA$d08DLOAD e-book 6669 $e08eMF6669 20230927 996 $aAlgebraic and geometric topology$979813 997 $aUNICAMPANIA